<?xml version="1.0" encoding="UTF-8"?>
<marc:record xmlns:marc="http://www.loc.gov/MARC21/slim">
   <marc:leader>00000nam a2200000 a 4500</marc:leader>
   <marc:datafield ind1="1" ind2=" " tag="100">
      <marc:subfield code="a">Kürthy, Ildikó von</marc:subfield>
      <marc:subfield code="4">aut</marc:subfield>
      <marc:subfield code="e">Verfasser/-in</marc:subfield>
   </marc:datafield>
   <marc:datafield ind1="0" ind2="0" tag="245">
      <marc:subfield code="a">Neuland</marc:subfield>
   </marc:datafield>
   <marc:datafield ind1="0" ind2="0" tag="245">
      <marc:subfield code="b">wie ich mich selber suchte und jemand ganz anderen fand</marc:subfield>
   </marc:datafield>
   <marc:datafield ind1=" " ind2="1" tag="264">
      <marc:subfield code="b">Rowohlt Verlag GmbH</marc:subfield>
      <marc:subfield code="c">2016</marc:subfield>
   </marc:datafield>
   <marc:datafield ind1="1" ind2=" " tag="520">
      <marc:subfield code="a">Ein Selbstversuch in Selbsterfahrung.
Ich habe mich auf Spurensuche in meine Vergangenheit begeben, habe Sterbende in einem Hospiz begleitet und bin uralten Albträumen und vergessenen Wünschen begegnet. Ich habe 365 Tage lang keinen Alkohol getrunken, jeden Morgen meditiert, Gitarre spielen gelernt und auf fast alles verzichtet, was richtig gut schmeckt. Ich hatte zum ersten und wohl auch zum letzten Mal in meinem Leben lange blonde Haare, Idealgewicht und monatelang keine Schokolade im Haus. Ich habe gelernt, einen Stall und mein Leben auszumisten, glücklicher zu sein, auf den Fingern zu pfeifen und manchmal auch auf mich selbst.</marc:subfield>
   </marc:datafield>
   <marc:datafield ind1=" " ind2=" " tag="020">
      <marc:subfield code="a">9783805250863</marc:subfield>
      <marc:subfield code="9">9783805250863</marc:subfield>
   </marc:datafield>
</marc:record>
